| 000 | 00336nam a22001457a 4500 | ||
|---|---|---|---|
| 003 | SGT | ||
| 020 | _a9789351774709 | ||
| 082 |
_a923.154 _bA15M |
||
| 100 | _aMAIORDNO, DIEGO | ||
| 245 | _aAUTUMN OF THE MATRIARCH | ||
| 260 |
_aINDIA _bHARPER COLLINS PUB. _c2015 |
||
| 300 | _a261 | ||
| 650 | _aPRIME MINISTER OF INDIA | ||
| 942 |
_2ddc _cBK |
||
| 999 |
_c25866 _d25866 |
||